000 00534nam a22001937a 4500
003 KOHA_MİRAKIL
005 20251125113743.0
008 251125b tu ||||| |||| 00| 0 tur d
020 _a9786052071168
040 _aTR-AnABB
_btur
_cTR-AnABB
041 _atur
082 _a813.42
_bSAD 2017
100 1 _aSadreddin, Ahmed,
245 1 0 _aBir Yoksulluk /
_cAhmed Sadreddin
260 _aİstanbul :
_bBüyüyenay Yayınları,
_c2017
300 _a270 sayfa ;
_c20 cm
650 0 4 _aTürk edebiyatı, roman
942 _2ddc
_cBK
999 _c9622
_d9622
900 _bGizem YORULMAZ